000 00526nam a2200193Ia 4500
005 20250508162320.0
008 008 250505s9999 xx 000 0 hin d
037 _aTextual
040 _aFEDL
_beng
_cFEDL
041 _ahin
_2hin
084 _a155.4, BHA
_qFEDL
100 _aBhatia Sagun
_9772830
245 0 _aBalak me bhasha ka vikas
260 _aAgra, India
_bKendriya Hindi Sansthan
_c1980
300 _a68p
650 _aChild Psychology
942 _cTEXL
_h155.4, BHA
999 _c1375788
_d1375788